Music Quiz

Random Music or Artist Quiz

Colour Songs Quiz Stats

 Plays Quiz not verified by Sporcle

Also try: ABCD in Music
Challenge
Share
Tweet
Embed
Score 0/34 Timer 06:00
0 Plays Today
Band/Artist Song % Correct
BeatlesYellow Submarine
55.6%
Billy IdolWhite Wedding
50.8%
Van MorrisonBrown Eyed Girl
49.2%
AC/DCBack in Black
46%
Jimi HendrixPurple Haze
46%
Eiffel 65I'm Blue
36.5%
Ram JamBlack Betty
27%
Led ZeppelinBlack Dog
23.8%
Rolling StonesBrown Sugar
20.6%
Kanye WestGold Digger
20.6%
CreamWhite Room
19%
Carlos SantanaBlack Magic Woman
17.5%
SoundgardenBlack Hole Sun
17.5%
The WhoBehind Blue Eyes
14.3%
Moody BluesKnights in White Satin
12.7%
REMOrange Crush
12.7%
New OrderBlue Monday
11.1%
Band/Artist Song % Correct
White StripesBlue Orchid
9.5%
Goo Goo DollsBlack Balloon
7.9%
OffspringPretty Fly for a White Guy
7.9%
John Legend ft. Andre 3000Green Light
6.3%
Neil YoungHeart of Gold
6.3%
ColdplayGreen Eyes
4.8%
Pearl JamYellow Ledbetter
4.8%
EminemWhite America
4.8%
Jurassic 5What's Golden
4.8%
Kings of LeonRed Morning Light
3.2%
WolfmotherWhite Unicorn
3.2%
David BowieGolden Years
3.2%
Yeah Yeah YeahsGold Lion
3.2%
Eddie CochraneSummertime Blues
3.2%
Alexi MurdochOrange Sky
1.6%
Tragically HipFiddler's Green
0%
ShinsPink Bullets
0%

You're not logged in!

Compare scores with friends on all Sporcle quizzes.
OR
Log In

You Might Also Like...

Show Comments

Extras

Top Quizzes Today


Score Distribution

Your Account Isn't Verified!

In order to create a playlist on Sporcle, you need to verify the email address you used during registration. Go to your Sporcle Settings to finish the process.

Report this User

Report this user for behavior that violates our Community Guidelines.

Details: